[Event "45 Miedzynarodowy Festiwal Szachowy im."]
[Site "Polanica Zdroj - Nasz Dom"]
[Date "2009.08.26"]
[Round "9.11"]
[White "Klepaczka, Tomasz"]
[Black "Ziebinski, Bartosz"]
[Result "1/2-1/2"]
[WhiteElo "2085"]
[BlackElo "2045"]
[PlyCount "56"]
[EventDate "2009.??.??"]

1. e4 c5 2. b3 d6 3. Bb2 e5 4. f4 exf4 5. Bc4 Qh4+ 6. Kf1 Be6 7. Nc3 a6 8. Nd5
Bxd5 9. Bxd5 Nc6 10. Qe2 Nge7 11. Rd1 f6 12. Be6 Ng6 13. c3 Be7 14. d4 Nf8 15.
Bd5 Nd7 16. Qc4 Qh5 17. dxc5 Nde5 18. Qe2 Qxe2+ 19. Kxe2 dxc5 20. Rf1 g5 21. h4
O-O-O 22. c4 h6 23. Nf3 Kc7 24. hxg5 hxg5 25. Nxe5 Nxe5 26. Bxe5+ fxe5 27. Kf3
Rdf8 28. Rd1 Bf6 1/2-1/2

[Event "45 Miedzynarodowy Festiwal Szachowy im."]
[Site "Polanica Zdroj - Nasz Dom"]
[Date "2009.08.26"]
[Round "9.12"]
[White "Wandzik, Wojciech"]
[Black "Lukasiewicz, Aleksander"]
[Result "1-0"]
[WhiteElo "2070"]
[BlackElo "1852"]
[PlyCount "71"]
[EventDate "2009.??.??"]

1. e4 e5 2. Nf3 Nc6 3. Bb5 a6 4. Bxc6 dxc6 5. O-O Bg4 6. h3 h5 7. d3 Qf6 8.
Nbd2 Ne7 9. Re1 Ng6 10. d4 Bd6 11. hxg4 hxg4 12. Nh2 Qh4 13. Ndf1 exd4 14. e5
Nxe5 15. Bf4 f6 16. Qxg4 Qh7 17. Bg3 Kf7 18. Qxd4 Qxc2 19. Rac1 Qf5 20. Qe4 Qh5
21. Re3 g6 22. Bxe5 Bxe5 23. f4 Bxb2 24. Qe6+ Kf8 25. Rh3 Bxc1 26. Qxf6+ Kg8
27. Rxh5 gxh5 28. Qc3 Bxf4 29. Qc4+ Kg7 30. Qxf4 Raf8 31. Qxc7+ Rf7 32. Qe5+
Kg8 33. Nf3 Rh6 34. Qg5+ Kh7 35. Ng3 Rg7 36. Qf5+ 1-0

[Event "45 Miedzynarodowy Festiwal Szachowy im."]
[Site "Polanica Zdroj - Nasz Dom"]
[Date "2009.08.26"]
[Round "9.13"]
[White "Gromczak, Dariusz"]
[Black "Duszenko, Michal"]
[Result "1/2-1/2"]
[WhiteElo "2057"]
[BlackElo "1785"]
[PlyCount "49"]
[EventDate "2009.??.??"]

1. e4 e5 2. Nf3 Nc6 3. d4 exd4 4. Nxd4 Bc5 5. Be3 Qf6 6. Nb5 Bxe3 7. fxe3 Qe5
8. N1c3 a6 9. Nd4 Nf6 10. Bd3 d5 11. Nf3 Qd6 12. exd5 Nxd5 13. Nxd5 Qxd5 14.
O-O Be6 15. e4 Qc5+ 16. Kh1 O-O-O 17. a3 Ne5 18. b4 Qc3 19. Nxe5 Qxe5 20. Qe2
h5 21. a4 h4 22. h3 g5 23. Bc4 Rd4 24. Bxe6+ Qxe6 25. Qf2 1/2-1/2

[Event "45 Miedzynarodowy Festiwal Szachowy im."]
[Site "Polanica Zdroj - Nasz Dom"]
[Date "2009.08.26"]
[Round "9.14"]
[White "Usatiuk, Igor"]
[Black "Musialkiewicz, Pawel"]
[Result "1-0"]
[WhiteElo "2061"]
[BlackElo "1838"]
[PlyCount "68"]
[EventDate "2009.??.??"]

1. d4 d5 2. c4 c6 3. Nf3 Nf6 4. e3 e6 5. Bd3 Nbd7 6. O-O dxc4 7. Bxc4 b5 8. Bd3
Bb7 9. Nc3 b4 10. Ne4 Nxe4 11. Bxe4 Bd6 12. b3 O-O 13. Bb2 Rc8 14. Rc1 Qe7 15.
Ne5 Bxe5 16. dxe5 Rfd8 17. Qf3 Nb6 18. Bd4 Qc7 19. Bc5 Nd5 20. Rc4 h6 21. Rfc1
Ba6 22. Bd6 Qb6 23. Bxd5 cxd5 24. Rc7 Rxc7 25. Rxc7 Rf8 26. Qg3 Rc8 27. Rxc8+
Bxc8 28. h3 d4 29. exd4 Qxd4 30. Qf3 Ba6 31. Qc6 Bd3 32. Qe8+ Kh7 33. Qxf7 Bf5
34. Qb7 Qb6 1-0

[Event "45 Miedzynarodowy Festiwal Szachowy im."]
[Site "Polanica Zdroj - Nasz Dom"]
[Date "2009.08.26"]
[Round "9.15"]
[White "Dzieczkaniec, Piotr"]
[Black "Malec, Robert"]
[Result "0-1"]
[WhiteElo "2031"]
[BlackElo "1810"]
[PlyCount "60"]
[EventDate "2009.??.??"]

1. e4 c5 2. f4 Nc6 3. Nf3 g6 4. Bc4 Bg7 5. O-O e6 6. Nc3 a6 7. a4 Nge7 8. e5 d5
9. exd6 Nf5 10. d7+ Bxd7 11. g4 Nfd4 12. Ne4 O-O 13. c3 Nxf3+ 14. Qxf3 Na5 15.
Ba2 Bc6 16. Qe3 c4 17. Ng5 Bxa4 18. Bb1 Bc6 19. h4 h6 20. Nxe6 Qxh4 21. Rxa5
Qxg4+ 22. Kf2 fxe6 23. d4 cxd3 24. Ke1 e5 25. Rg1 Qh4+ 26. Kd1 exf4 27. Qe6+
Kh8 28. Qxg6 Bf3+ 29. Kd2 Qf2+ 30. Kxd3 Qe2# 0-1

[Event "45 Miedzynarodowy Festiwal Szachowy im."]
[Site "Polanica Zdroj - Nasz Dom"]
[Date "2009.08.26"]
[Round "9.16"]
[White "Mondrzycki, Bartlomiej"]
[Black "Mucha, Magdalena"]
[Result "0-1"]
[WhiteElo "2021"]
[BlackElo "1787"]
[PlyCount "94"]
[EventDate "2009.??.??"]

1. e4 c5 2. Nf3 a6 3. c3 Nf6 4. e5 Nd5 5. d4 cxd4 6. cxd4 d6 7. Bc4 Nc7 8. O-O
e6 9. Nc3 b5 10. Bd3 Bb7 11. Qe2 Nd7 12. exd6 Bxd6 13. Ne4 Nf6 14. Nxf6+ Qxf6
15. Ne5 Qe7 16. Qh5 Nd5 17. Bg5 Nf6 18. Qh4 h6 19. Ng4 hxg5 20. Qxh8+ Kd7 21.
Qh3 Nxg4 22. Qxg4 g6 23. g3 Rh8 24. Qe2 f5 25. f3 Qh7 26. Rac1 Bxg3 27. Rc2 Qh4
28. Bxb5+ Ke7 29. Rd1 axb5 30. d5 Bxd5 31. Rxd5 Bxh2+ 32. Kf1 Qh3+ 33. Ke1 Bg3+
34. Kd2 Bf4+ 35. Kc3 g4 36. Rd3 g3 37. Kb3 Kf6 38. Rc6 Re8 39. Rd8 Re7 40. Rf8+
Kg7 41. Rd8 g2 42. Rd1 Qh1 43. Rd7 Rxd7 44. Qxe6 Qd1+ 45. Kb4 Qd4+ 46. Ka5 Bd2+
47. Ka6 Ra7+ 0-1

[Event "45 Miedzynarodowy Festiwal Szachowy im."]
[Site "Polanica Zdroj - Nasz Dom"]
[Date "2009.08.26"]
[Round "9.17"]
[White "Karcz, Bartlomiej"]
[Black "Jurkowski, Marcin"]
[Result "1/2-1/2"]
[WhiteElo "1836"]
[BlackElo "1984"]
[PlyCount "61"]
[EventDate "2009.??.??"]

1. d4 d5 2. Nf3 Nf6 3. e3 e6 4. Be2 c5 5. O-O Nc6 6. b3 cxd4 7. exd4 Bd6 8. Bb2
b6 9. c4 O-O 10. Nbd2 Bb7 11. Rc1 Rc8 12. Ne5 Qe7 13. cxd5 Nxd5 14. Bb5 Nxe5
15. dxe5 Bc5 16. Qg4 Ne3 17. fxe3 Bxe3+ 18. Kh1 Bxd2 19. Rxc8 Rxc8 20. Bd3 Rd8
21. Bb1 Be3 22. Qh3 Bh6 23. Bc1 Qf8 24. Qh5 Rd4 25. Be3 Rd7 26. h3 Qa8 27. Rf2
Bxe3 28. Qxh7+ Kf8 29. Qh8+ Ke7 30. Qh4+ Kf8 31. Qh8+ 1/2-1/2

[Event "45 Miedzynarodowy Festiwal Szachowy im."]
[Site "Polanica Zdroj - Nasz Dom"]
[Date "2009.08.26"]
[Round "9.20"]
[White "Kacprzak, Robert"]
[Black "Skiba, Marta"]
[Result "1-0"]
[WhiteElo "1906"]
[BlackElo "1729"]
[PlyCount "90"]
[EventDate "2009.??.??"]

1. d4 Nf6 2. Nf3 d6 3. c4 c5 4. dxc5 Qa5+ 5. Nc3 Qxc5 6. e4 Bd7 7. a3 g6 8. Be3
Qc8 9. Rc1 Bg7 10. Be2 O-O 11. O-O Nc6 12. h3 Qd8 13. c5 dxc5 14. Bxc5 Qa5 15.
b4 Qd8 16. Qd3 b6 17. Be3 Bc8 18. Qb5 Bb7 19. Rfd1 Qe8 20. Qa4 Nb8 21. Bb5 Bc6
22. Bxc6 Nxc6 23. b5 Nd8 24. Bxb6 Ne6 25. Be3 Qb8 26. Nd5 Re8 27. Qc4 Qb7 28.
a4 Rac8 29. Qd3 Rcd8 30. Nxf6+ Bxf6 31. Qb1 Rb8 32. Rd5 Bg7 33. Rcd1 Nf8 34.
Nd4 e6 35. Rc5 Nd7 36. Rcc1 Bxd4 37. Bxd4 a6 38. Ba1 axb5 39. axb5 Red8 40. Qb2
f6 41. Qb4 Kf7 42. Qc3 e5 43. Qc4+ Kg7 44. Qc6 Qxb5 45. Qxb5 Rxb5 1-0

[Event "45 Miedzynarodowy Festiwal Szachowy im."]
[Site "Polanica Zdroj - Nasz Dom"]
[Date "2009.08.26"]
[Round "9.22"]
[White "Wielosz, Jaroslaw"]
[Black "Warchol, Maria"]
[Result "1/2-1/2"]
[WhiteElo "1963"]
[BlackElo "1834"]
[PlyCount "80"]
[EventDate "2009.??.??"]

1. d4 d5 2. c4 e6 3. Nc3 c6 4. Nf3 dxc4 5. e3 b5 6. a4 Bb4 7. Bd2 Qe7 8. axb5
Bxc3 9. Bxc3 cxb5 10. b3 b4 11. Bd2 c3 12. Bc1 Nf6 13. Bb5+ Bd7 14. Qe2 O-O 15.
Ne5 Rc8 16. Qf3 Nd5 17. Bd3 Nc6 18. Nxd7 Qxd7 19. Qh5 Nf6 20. Qh4 Qd5 21. O-O
Qxb3 22. e4 c2 23. Ba6 Rc7 24. Bg5 Ne8 25. Rae1 f6 26. Bc1 Qa2 27. Bd3 Nxd4 28.
e5 Nf5 29. Qxb4 a5 30. Qe4 Rd8 31. Re2 Kf8 32. Rxc2 Rxc2 33. Bxc2 Rd4 34. Qc6
Qc4 35. Ba3+ Kf7 36. Qb7+ Qc7 37. Qb3 Qc4 38. Qb7+ Qc7 39. Qb3 Qc4 40. Qb7+ Qc7
1/2-1/2

[Event "45 Miedzynarodowy Festiwal Szachowy im."]
[Site "Polanica Zdroj - Nasz Dom"]
[Date "2009.08.26"]
[Round "9.23"]
[White "Galyga, Jozef"]
[Black "Prazmowski, Bartosz"]
[Result "1-0"]
[WhiteElo "1956"]
[BlackElo "1807"]
[PlyCount "69"]
[EventDate "2009.??.??"]

1. e4 c6 2. d3 d5 3. Nd2 g6 4. Ngf3 Bg7 5. Be2 Bg4 6. O-O dxe4 7. Nxe4 Nd7 8.
Nfg5 Bf5 9. Ng3 e6 10. Nxf5 exf5 11. c3 h6 12. Nf3 Ngf6 13. d4 O-O 14. a4 Ne4
15. Bc4 Qc7 16. Ne1 c5 17. Ba2 cxd4 18. cxd4 Qb6 19. Nf3 Rad8 20. Qc2 Rc8 21.
Qd3 Rfd8 22. a5 Qd6 23. Qb3 Kh7 24. Qxf7 Rf8 25. Qe6 Qc7 26. Be3 Rce8 27. Qd5
Ndf6 28. Qb5 f4 29. Bd2 Ng4 30. Rac1 Qb8 31. Bb4 Rf5 32. Qd3 Rh5 33. Bf7 Nxh2
34. Bxe8 Qd8 35. Bxg6+ 1-0

[Event "45 Miedzynarodowy Festiwal Szachowy im."]
[Site "Polanica Zdroj - Nasz Dom"]
[Date "2009.08.26"]
[Round "9.24"]
[White "Bednarski, Dawid"]
[Black "Gorecki, Janusz"]
[Result "0-1"]
[WhiteElo "1799"]
[BlackElo "1928"]
[PlyCount "62"]
[EventDate "2009.??.??"]

1. e4 d5 2. exd5 Qxd5 3. Nc3 Qd8 4. d4 e6 5. Nf3 Nf6 6. Bg5 Bb4 7. Be2 h6 8.
Bd2 O-O 9. O-O b6 10. a3 Be7 11. Bf4 Bb7 12. Qd2 Nbd7 13. Rad1 Rc8 14. h3 Nd5
15. Nxd5 exd5 16. Rfe1 Nf6 17. Bd3 Ne4 18. Qe3 f5 19. Ne5 Bf6 20. f3 g5 21.
fxe4 gxf4 22. Qxf4 Bxe5 23. Qxe5 fxe4 24. Qe6+ Kh7 25. Be2 Qg5 26. Bg4 Rce8 27.
Qd7+ Re7 28. Qb5 h5 29. Be2 Rg7 30. Bf1 Bc8 31. Qe2 Bxh3 0-1

[Event "45 Miedzynarodowy Festiwal Szachowy im."]
[Site "Polanica Zdroj - Nasz Dom"]
[Date "2009.08.26"]
[Round "9.25"]
[White "Jankowski, Aleksander"]
[Black "Somyk, Marcin"]
[Result "0-1"]
[WhiteElo "1737"]
[BlackElo "1901"]
[PlyCount "62"]
[EventDate "2009.??.??"]

1. e4 c5 2. Nc3 Nc6 3. f4 g6 4. Nf3 Bg7 5. Bb5 Nd4 6. Bc4 e6 7. O-O Ne7 8. a3
O-O 9. d3 d5 10. Ba2 b5 11. e5 Nxf3+ 12. Qxf3 Rb8 13. b4 Qc7 14. Bd2 f6 15.
exf6 Bxf6 16. Rae1 cxb4 17. Nxd5 Nxd5 18. Bxd5 exd5 19. Qxd5+ Kg7 20. Bxb4 Rd8
21. Qc5 Bd4+ 22. Qxd4+ Rxd4 23. Re7+ Qxe7 24. Bxe7 Kf7 25. Re1 Be6 26. Bc5 Rd5
27. d4 a6 28. c3 Re8 29. Kf2 Bf5 30. Rxe8 Kxe8 31. Bb4 Kd7 0-1

[Event "45 Miedzynarodowy Festiwal Szachowy im."]
[Site "Polanica Zdroj - Nasz Dom"]
[Date "2009.08.26"]
[Round "9.27"]
[White "Latocha, Aleksander"]
[Black "Ulanowski, Karol"]
[Result "1-0"]
[WhiteElo "1867"]
[BlackElo "1777"]
[PlyCount "45"]
[EventDate "2009.??.??"]

1. e4 e5 2. f4 exf4 3. Bc4 d6 4. Nf3 h6 5. d4 g5 6. O-O Bg7 7. Nc3 Bg4 8. g3
fxg3 9. Bxf7+ Kxf7 10. Ne5+ Ke8 11. Qxg4 gxh2+ 12. Kh1 dxe5 13. Qh5+ Kd7 14.
Rf7+ Kc8 15. Qh3+ Nd7 16. Rxg7 exd4 17. Bxg5 Qe8 18. Rd1 Ngf6 19. Bxf6 Rf8 20.
Re7 Qd8 21. Nd5 c6 22. Rf7 Qe8 23. Rxf8 1-0

[Event "45 Miedzynarodowy Festiwal Szachowy im."]
[Site "Polanica Zdroj - Nasz Dom"]
[Date "2009.08.26"]
[Round "9.28"]
[White "Cukrowski, Filip"]
[Black "Szolc, Grzegorz"]
[Result "1/2-1/2"]
[WhiteElo "1854"]
[BlackElo "1644"]
[PlyCount "70"]
[EventDate "2009.??.??"]

1. e4 c5 2. Nf3 e6 3. d4 cxd4 4. Nxd4 Nc6 5. Nc3 Qc7 6. Be3 a6 7. Qd2 Nf6 8.
O-O-O Bb4 9. f3 Ne5 10. a3 Bxc3 11. Qxc3 Qxc3 12. bxc3 d5 13. Bd3 dxe4 14. fxe4
b5 15. Nb3 O-O 16. Rhf1 Bb7 17. Bd4 Ned7 18. Rde1 Rac8 19. Kb2 Rc7 20. e5 Nd5
21. Be4 N7b6 22. Rf3 Na4+ 23. Kc1 Rfc8 24. Kd2 Nb2 25. Na5 Nc4+ 26. Nxc4 Rxc4
27. Bxd5 Bxd5 28. Rg3 Ra4 29. Ra1 a5 30. Kc1 Rcc4 31. Kb2 b4 32. axb4 Rxa1 33.
Kxa1 axb4 34. Kb2 bxc3+ 35. Bxc3 g6 1/2-1/2

[Event "45 Miedzynarodowy Festiwal Szachowy im."]
[Site "Polanica Zdroj - Nasz Dom"]
[Date "2009.08.26"]
[Round "9.29"]
[White "Goluch, Piotr"]
[Black "Stepniewski, Jerzy"]
[Result "1-0"]
[WhiteElo "2040"]
[BlackElo "1814"]
[PlyCount "69"]
[EventDate "2009.??.??"]

1. e4 g6 2. d4 d6 3. f4 e6 4. Nc3 Bg7 5. Nf3 Ne7 6. Bd3 O-O 7. O-O Nbc6 8. Be3
d5 9. e5 Nb4 10. Be2 b6 11. a3 Na6 12. g4 Nb8 13. b4 Bb7 14. Qe1 a5 15. b5 Nd7
16. Qh4 Nc8 17. Qh3 Qe7 18. f5 exf5 19. gxf5 gxf5 20. Nh4 Nxe5 21. Nxf5 Qe6 22.
dxe5 Kh8 23. Bg4 Qg6 24. Nxg7 Qxg7 25. Bh6 Qg8 26. Qf3 f5 27. exf6 Rf7 28. Bg7+
Rxg7 29. fxg7+ Qxg7 30. Qf8+ Qxf8 31. Rxf8+ Kg7 32. Bxc8 Rxc8 33. Rxc8 Bxc8 34.
Nxd5 Bf5 35. c3 1-0

[Event "45 Miedzynarodowy Festiwal Szachowy im."]
[Site "Polanica Zdroj - Nasz Dom"]
[Date "2009.08.26"]
[Round "9.30"]
[White "Borowicz, Przemyslaw"]
[Black "Chmielewska, Joanna"]
[Result "1-0"]
[WhiteElo "2009"]
[BlackElo "1713"]
[PlyCount "41"]
[EventDate "2009.??.??"]

1. d4 d5 2. c4 c6 3. Nc3 Nf6 4. Nf3 dxc4 5. a4 Bf5 6. e3 e6 7. Bxc4 Bb4 8. O-O
O-O 9. Bd3 Bg6 10. Bxg6 hxg6 11. Qd3 Nbd7 12. e4 Bxc3 13. bxc3 Nc5 14. Qb1
Ncxe4 15. Qxb7 Nxc3 16. Ba3 Qc8 17. Qb3 Nfd5 18. Bxf8 Kxf8 19. Qc4 Rb8 20. Rfc1
Rb4 21. Qc5+ 1-0

[Event "45 Miedzynarodowy Festiwal Szachowy im."]
[Site "Polanica Zdroj - Nasz Dom"]
[Date "2009.08.26"]
[Round "9.31"]
[White "Wozniak, Bartosz"]
[Black "Wozniak, Dawid"]
[Result "1/2-1/2"]
[WhiteElo "1770"]
[BlackElo "1894"]
[PlyCount "95"]
[EventDate "2009.??.??"]

1. e4 e5 2. Nf3 d6 3. d4 exd4 4. Nxd4 Nf6 5. Nc3 Be7 6. Bc4 O-O 7. O-O a6 8. a4
b6 9. f3 Bb7 10. Nf5 Nbd7 11. Qe1 Ne5 12. Bb3 Ng6 13. Be3 Bc8 14. Nd4 Bd7 15.
f4 c5 16. Nde2 Bc6 17. Ng3 Re8 18. f5 Ne5 19. Bf4 c4 20. Bxe5 dxe5 21. Rd1 Qc7
22. Bxc4 Bxa4 23. Bd5 Nxd5 24. Nxd5 Qxc2 25. f6 Bc5+ 26. Kh1 Qxd1 27. Qc3 Qd4
28. Qc1 g6 29. Nf5 Qd3 30. Nh6+ Kf8 31. Ng4 Re6 32. Nc7 Be3 33. Nxe6+ fxe6 34.
Nxe3 Rd8 35. Ng4 Qxf1+ 36. Qxf1 Rd1 37. Qxd1 Bxd1 38. Nxe5 Bc2 39. Kg1 Bxe4 40.
Kf2 a5 41. g3 b5 42. Ke3 Bg2 43. Kd4 a4 44. Kc5 Bf1 45. Kd6 Bc4 46. Kc5 Bf1 47.
Kd6 Bh3 48. Kc5 1/2-1/2

[Event "45 Miedzynarodowy Festiwal Szachowy im."]
[Site "Polanica Zdroj - Nasz Dom"]
[Date "2009.08.26"]
[Round "9.32"]
[White "Korcz, Daniel"]
[Black "Jarus, Grzegorz"]
[Result "1/2-1/2"]
[WhiteElo "1743"]
[BlackElo "1860"]
[PlyCount "83"]
[EventDate "2009.??.??"]

1. e4 Nf6 2. e5 Nd5 3. d4 d6 4. Nf3 Nc6 5. exd6 cxd6 6. Be2 g6 7. O-O Bg7 8. c4
Nb6 9. Nc3 O-O 10. d5 Ne5 11. Nxe5 Bxe5 12. Bh6 Bg7 13. Bxg7 Kxg7 14. Qd4+ Kg8
15. f4 Nd7 16. Ne4 Qb6 17. Qxb6 axb6 18. Rf3 Nc5 19. Nxc5 bxc5 20. Rb3 Rd8 21.
a3 Kf8 22. g4 e6 23. Bf3 Ra4 24. Rc1 Ra7 25. g5 Kg7 26. Kf2 f6 27. h4 e5 28.
gxf6+ Kxf6 29. fxe5+ Kxe5 30. Re1+ Kf6 31. Rb6 Ra4 32. Re4 Bf5 33. Rf4 Rd7 34.
Be4 Ke5 35. Bxf5 gxf5 36. Kf3 Re7 37. Rb3 Kf6 38. Kg3 Ra8 39. Rbf3 Re5 40. Rb3
Rg8+ 41. Kf3 Re1 42. Kf2 1/2-1/2

[Event "45 Miedzynarodowy Festiwal Szachowy im."]
[Site "Polanica Zdroj - Nasz Dom"]
[Date "2009.08.26"]
[Round "9.33"]
[White "Ostalska, Natalia"]
[Black "Kowara, Magdalena"]
[Result "1/2-1/2"]
[WhiteElo "1530"]
[BlackElo "1826"]
[PlyCount "60"]
[EventDate "2009.??.??"]

1. e4 c5 2. c3 d5 3. exd5 Qxd5 4. d4 Nf6 5. Nf3 e6 6. Na3 Qd8 7. Nc2 Nc6 8. Be3
cxd4 9. Ncxd4 Nd5 10. Nxc6 bxc6 11. Qd2 Bd6 12. Bd3 h6 13. O-O f5 14. Bd4 O-O
15. Ne5 c5 16. Ng6 cxd4 17. Nxf8 dxc3 18. Nxe6 Bxe6 19. bxc3 Nf4 20. g3 Qg5 21.
Kh1 Bd5+ 22. f3 Ne6 23. Qxg5 Nxg5 24. Kg2 f4 25. h4 Nxf3 26. Rxf3 Bxf3+ 27.
Kxf3 fxg3 28. Rf1 Rc8 29. c4 Kf8 30. Kg2+ Ke7 1/2-1/2

[Event "45 Miedzynarodowy Festiwal Szachowy im."]
[Site "Polanica Zdroj - Nasz Dom"]
[Date "2009.08.26"]
[Round "9.34"]
[White "Grochocinska, Urszula"]
[Black "Nowicki, Bartosz"]
[Result "0-1"]
[WhiteElo "1711"]
[BlackElo "1944"]
[PlyCount "110"]
[EventDate "2009.??.??"]

1. e4 c5 2. c3 d5 3. exd5 Qxd5 4. d4 Nc6 5. Nf3 e6 6. c4 Qe4+ 7. Be2 Nxd4 8.
Nxd4 Qxd4 9. O-O Bd7 10. Qb3 Bc6 11. Rd1 Qe5 12. Bf3 Bxf3 13. Qxf3 Qc7 14. Nc3
a6 15. Bf4 Qc6 16. Ne4 Nf6 17. Nxf6+ gxf6 18. Qxc6+ bxc6 19. Rd3 e5 20. Be3 Be7
21. Rad1 O-O 22. Bh6 Rfd8 23. Rg3+ Kh8 24. Bg7+ Kg8 25. Re1 Rd3 26. Rxd3 Kxg7
27. f4 Rb8 28. b3 a5 29. fxe5 a4 30. bxa4 Rb4 31. Rd7 Kf8 32. a5 Rxc4 33. a6
Ra4 34. a7 c4 35. exf6 Bxf6 36. Rb1 c3 37. Rc1 Rxa2 38. Rxc3 Bxc3 39. Rd8+ Kg7
40. a8=Q Bd4+ 41. Kf1 Rxa8 42. Rxa8 c5 43. Ra6 Be5 44. h3 c4 45. Rc6 c3 46. Ke2
f6 47. Kf3 Kg6 48. Rc4 Kf5 49. Rc6 Kg6 50. g4 h6 51. Rc8 Bd4 52. Rg8+ Kf7 53.
Rd8 Be5 54. Ke4 Kg6 55. Rd7 c2 0-1

[Event "45 Miedzynarodowy Festiwal Szachowy im."]
[Site "Polanica Zdroj - Nasz Dom"]
[Date "2009.08.26"]
[Round "9.35"]
[White "Ziemba, Artur"]
[Black "Graczyk, Konrad"]
[Result "1/2-1/2"]
[WhiteElo "1638"]
[BlackElo "1907"]
[PlyCount "62"]
[EventDate "2009.??.??"]

1. e4 e6 2. d4 d5 3. e5 c5 4. c3 Nc6 5. Nf3 Qb6 6. Bd3 Bd7 7. dxc5 Bxc5 8. O-O
f6 9. b4 Be7 10. Bf4 f5 11. Na3 a6 12. Nc2 Qd8 13. Nfd4 h5 14. Be2 g6 15. Nxc6
bxc6 16. a4 Kf8 17. Rb1 Qe8 18. Qd2 Kg7 19. Bg5 Bxg5 20. Qxg5 Qe7 21. Qxe7+
Nxe7 22. Nd4 Rhc8 23. Nb3 Rc7 24. Nc5 Bc8 25. f4 Ng8 26. h4 Nh6 27. Kf2 Nf7 28.
Ke3 Nd8 29. Kd4 Kf7 30. a5 Ke7 31. Bd3 Rca7 1/2-1/2

[Event "45 Miedzynarodowy Festiwal Szachowy im."]
[Site "Polanica Zdroj - Nasz Dom"]
[Date "2009.08.26"]
[Round "9.38"]
[White "Eggink, Mateusz"]
[Black "Dadello, Aleksandra"]
[Result "1-0"]
[WhiteElo "1756"]
[BlackElo "1731"]
[PlyCount "62"]
[EventDate "2009.??.??"]

1. e4 e5 2. Nf3 Nc6 3. d4 exd4 4. Nxd4 Bc5 5. Be3 Qf6 6. c3 Nge7 7. Bc4 Ne5 8.
Be2 d6 9. O-O O-O 10. f4 N5c6 11. Kh1 Bd7 12. Qd2 Rae8 13. Bf3 h6 14. b4 Bb6
15. Na3 Ng6 16. g3 Qe7 17. Nc4 Bxd4 18. Bxd4 Nxd4 19. cxd4 Bb5 20. Qc3 Qe6 21.
d5 Qd7 22. Rfe1 f5 23. Nd2 fxe4 24. Bxe4 Ne7 25. Nb3 c6 26. dxc6 Bxc6 27. Bxc6
Qxc6+ 28. Qxc6 Nxc6 29. a3 Kf7 30. Kg2 Rxe1 31. Rxe1 a6 1-0

[Event "45 Miedzynarodowy Festiwal Szachowy im."]
[Site "Polanica Zdroj - Nasz Dom"]
[Date "2009.08.26"]
[Round "9.39"]
[White "Pac, Maciej"]
[Black "Klimek, Marcin"]
[Result "0-1"]
[WhiteElo "1830"]
[BlackElo "1701"]
[PlyCount "60"]
[EventDate "2009.??.??"]

1. e4 e6 2. d4 d5 3. Nd2 a6 4. e5 c5 5. c3 Nc6 6. f4 cxd4 7. cxd4 Nxd4 8. Ngf3
Nxf3+ 9. Nxf3 Bc5 10. Bd3 Ne7 11. Qc2 Bb4+ 12. Bd2 Bxd2+ 13. Qxd2 Qb6 14. O-O-O
Bd7 15. Kb1 Bb5 16. g4 Bxd3+ 17. Qxd3 Qb4 18. Nd4 Nc6 19. Rhe1 Qxd4 20. Qxd4
Nxd4 21. Rxd4 Rc8 22. Re3 Ke7 23. Rb4 b5 24. a4 Rc4 25. Reb3 Rxb4 26. Rxb4 Rb8
27. Kc2 Kd7 28. Kd3 Kc6 29. Kd4 a5 30. Rb3 b4 0-1

[Event "45 Miedzynarodowy Festiwal Szachowy im."]
[Site "Polanica Zdroj - Nasz Dom"]
[Date "2009.08.26"]
[Round "9.40"]
[White "Gola, Karolina"]
[Black "Szymczak, Paula"]
[Result "1-0"]
[WhiteElo "1908"]
[BlackElo "1674"]
[PlyCount "54"]
[EventDate "2009.??.??"]

1. e4 e5 2. Nf3 Nc6 3. Nc3 Nf6 4. d4 exd4 5. Nxd4 Bb4 6. Nxc6 Bxc3+ 7. bxc3
bxc6 8. Bd3 d5 9. exd5 cxd5 10. Ba3 Be6 11. Bb5+ Nd7 12. O-O Rb8 13. Bc6 Rb6
14. Bxd5 c5 15. Re1 O-O 16. Bxe6 fxe6 17. Qd3 Qc7 18. Rad1 Nf6 19. Qc4 Rc6 20.
Rxe6 Qf7 21. Rde1 Nd5 22. R6e2 Rg6 23. g3 h5 24. Bxc5 Rg4 25. Re4 Rd8 26. Rxg4
hxg4 27. Rd1 Nf6 1-0

[Event "45 Miedzynarodowy Festiwal Szachowy im."]
[Site "Polanica Zdroj - Nasz Dom"]
[Date "2009.08.26"]
[Round "9.41"]
[White "Kowalczyk, Adam"]
[Black "Kwasniewski, Pawel"]
[Result "1/2-1/2"]
[WhiteElo "1745"]
[BlackElo "1470"]
[PlyCount "30"]
[EventDate "2009.??.??"]

1. e4 e5 2. Nf3 Nc6 3. Bb5 d6 4. d4 exd4 5. Nxd4 Nge7 6. O-O Bd7 7. c3 g6 8.
Bg5 Ne5 9. Bxd7+ Qxd7 10. Nd2 Bg7 11. N2f3 Nxf3+ 12. Qxf3 O-O 13. Bf6 Nc6 14.
Bxg7 Kxg7 15. Qd3 Nxd4 1/2-1/2

[Event "45 Miedzynarodowy Festiwal Szachowy im."]
[Site "Polanica Zdroj - Nasz Dom"]
[Date "2009.08.26"]
[Round "9.42"]
[White "Kustal, Emilia"]
[Black "Szczurek, Natalia"]
[Result "1-0"]
[WhiteElo "1603"]
[BlackElo "1738"]
[PlyCount "49"]
[EventDate "2009.??.??"]

1. e4 c5 2. Nf3 e6 3. d4 cxd4 4. Nxd4 a6 5. Bd3 Qc7 6. Qe2 d6 7. c4 b6 8. O-O
Bb7 9. Nc3 Nf6 10. Kh1 Nbd7 11. f3 Ne5 12. Bd2 Rc8 13. b3 Be7 14. Bb1 O-O 15.
Bc2 Rfd8 16. Rac1 d5 17. cxd5 Ba3 18. Rcd1 exd5 19. f4 Nxe4 20. fxe5 Nxc3 21.
Bxc3 Qxc3 22. Bxh7+ Kxh7 23. Qh5+ Kg8 24. Qxf7+ Kh8 25. Rf3 1-0

[Event "45 Miedzynarodowy Festiwal Szachowy im."]
[Site "Polanica Zdroj - Nasz Dom"]
[Date "2009.08.26"]
[Round "9.43"]
[White "Wozniak, Grzegorz"]
[Black "Zak, Pawel"]
[Result "0-1"]
[WhiteElo "1570"]
[BlackElo "1792"]
[PlyCount "50"]
[EventDate "2009.??.??"]

1. e4 c5 2. Nf3 d6 3. d4 cxd4 4. Nxd4 Nf6 5. Nc3 g6 6. Be3 Bg7 7. f3 Nc6 8. Qd2
O-O 9. O-O-O Bd7 10. Bc4 Rc8 11. Bb3 Ne5 12. h4 h5 13. Kb1 a6 14. Bh6 Nc4 15.
Bxc4 Rxc4 16. Bxg7 Kxg7 17. Nde2 Qc7 18. b3 Rc5 19. Kb2 Rc8 20. Rc1 b5 21. Nd5
Nxd5 22. exd5 Bf5 23. c3 Qb7 24. Rhd1 a5 25. Ng3 Qd7 0-1

[Event "45 Miedzynarodowy Festiwal Szachowy im."]
[Site "Polanica Zdroj - Nasz Dom"]
[Date "2009.08.26"]
[Round "9.44"]
[White "Wisniewski, Michal"]
[Black "Zysko, Teresa"]
[Result "0-1"]
[WhiteElo "1456"]
[BlackElo "1699"]
[PlyCount "62"]
[EventDate "2009.??.??"]

1. e4 c5 2. Nf3 e6 3. c4 Nc6 4. Nc3 Qc7 5. g3 Nf6 6. Bg2 Be7 7. O-O O-O 8. d4
cxd4 9. Nxd4 a6 10. Be3 Rd8 11. b3 Bc5 12. Nxc6 dxc6 13. Qe2 Bxe3 14. Qxe3 e5
15. h3 Be6 16. Rad1 Rxd1 17. Rxd1 Rd8 18. Rxd8+ Qxd8 19. Kf1 Qd7 20. g4 h6 21.
Ke2 Kf8 22. Na4 Qc7 23. g5 hxg5 24. Qxg5 c5 25. Nc3 Qd6 26. Qd2 Qd4 27. Nd5 b5
28. Qd3 bxc4 29. bxc4 Nh5 30. Bf3 Nf4+ 31. Nxf4 Bxc4 0-1

[Event "45 Miedzynarodowy Festiwal Szachowy im."]
[Site "Polanica Zdroj - Nasz Dom"]
[Date "2009.08.26"]
[Round "9.45"]
[White "Zajaczkowski, Gwidon"]
[Black "Wolski, Jerzy"]
[Result "1/2-1/2"]
[WhiteElo "1739"]
[BlackElo "1993"]
[PlyCount "31"]
[EventDate "2009.??.??"]

1. e4 e5 2. Nf3 Nc6 3. Bc4 Be7 4. d3 Nf6 5. O-O O-O 6. c3 d6 7. Be3 Na5 8. Bb5
a6 9. Ba4 b5 10. Bc2 c5 11. Nbd2 Bg4 12. h3 Bh5 13. Qe2 Nc6 14. c4 b4 15. Bd1
Qc7 16. g4 1/2-1/2

[Event "45 Miedzynarodowy Festiwal Szachowy im."]
[Site "Polanica Zdroj - Nasz Dom"]
[Date "2009.08.27"]
[Round "10.1"]
[White "Kowalczyk, Pawel"]
[Black "Golek, Jagoda"]
[Result "1/2-1/2"]
[WhiteElo "2103"]
[BlackElo "2040"]
[PlyCount "71"]
[EventDate "2009.??.??"]

1. e4 d6 2. d4 Nf6 3. Nc3 c6 4. Bg5 Nbd7 5. Qd2 Qc7 6. a4 e5 7. Nf3 Be7 8. h3
O-O 9. Bc4 Re8 10. O-O Nf8 11. Bb3 a6 12. Rfe1 Be6 13. d5 cxd5 14. Bxf6 Bxf6
15. Nxd5 Bxd5 16. Qxd5 Ne6 17. c3 Rad8 18. Rad1 Nf4 19. Qd2 h6 20. Bd5 Be7 21.
Kh2 Qc8 22. Ng1 Ne6 23. Ne2 Bg5 24. Qc2 Qc7 25. Kh1 Bf6 26. Ng3 g6 27. Nf1 Bg7
28. Ne3 Nf4 29. Qb3 Re7 30. Kh2 Qc8 31. Nc4 Nxd5 32. Rxd5 Re6 33. Red1 Qc7 34.
Qb6 Qxb6 35. Nxb6 Bf8 36. Nc4 1/2-1/2